| 000 | 00788nam a2200229Ii 4500 | ||
|---|---|---|---|
| 003 | JO-AjNU | ||
| 008 | 230605s9999||||xx |||||||||||||| ||und|| | ||
| 017 | _a2009/5/1950 | ||
| 020 | _a9957-16-528-4 | ||
| 040 |
_aJO-AjNU _bara _erda _cJO-AjNU |
||
| 041 | _aara | ||
| 050 | 1 | 4 | _aKMM63.S5888.2010 |
| 100 | 3 |
_aسوار، محمد وحيد الدبن , _eauthor _912212 |
|
| 245 | 0 | 0 | _aحق الملكية في ذاته في القانون المدني |
| 250 | _aط2 | ||
| 264 | 3 | 1 | _aعمان : دار الثقافة ، 2010 |
| 300 | _a250ص | ||
| 336 |
_atext _btxt _2rdacontent |
||
| 337 |
_aunmediated _bn _2rdamedia |
||
| 338 |
_avolume _bnc _2rdacarrier |
||
| 650 | 4 |
_aالملكية -- قوانين وتشريعات -- الأردن -- حق الملكية -- الأردن _912213 |
|
| 999 |
_aA2723 _c6291 _d6291 |
||